000 00780nam0a22002531 4500
001 rc\2811998
005 20250806210747.0
035 _a(NLR Aleph) 006937829
090 _a71216
_c71216
100 _a20110915d1944 u y0rusy50 ca
101 0 _arus
102 _aRU
105 _ay z |||a|
200 1 _aМцыри
_eПоэма
_fМ. Ю. Лермонтов
210 _aГорький
_cГорьков. изд-во
_d1944
215 _a32 с.
_d13 см.
700 1 _aЛермонтов
_bМ. Ю.
_f1814-1841
_gМихаил Юрьевич
_3RU\NLR\auth\77328
801 0 _aRU
_bNLR
_gpsbo
801 1 _aRU
_bELAR
_2rusmarc
852 _aNLR
_jЛ30 Г-2/971
942 _cBOOK
945 _aРоссийская национальная библиотека
980 _aNB
980 _aBV